MARC

LEADER 00000nam0a2200000 4500
001 32879
005 20231030205520.0
035 |a (RuTPU)RU\TPU\book\33190 
035 |a BOOK00000021 
090 |a 32879 
100 |a 20011210d1979 m y0rusy50 ca 
101 0 |a rus 
102 |a RU 
105 |a a z 001zb 
200 1 |a Вернадский: жизнь, мысль, бессмертие  |f Р. К. Баландин 
210 |a Москва  |c Знание  |d 1979 
215 |a 176 с.  |c ил. 
225 1 |a Творцы науки 
320 |a Библиогр.: с. 174-175 
600 1 |a Вернадский  |g Владимир Иванович  |b В. И.  |c российский учёный  |c естествоиспытатель, мыслитель и общественный деятель  |f 1863-1945  |2 stltpush  |3 (RuTPU)RU\TPU\pers\417 
610 1 |a геохимия 
610 1 |a минералогия 
610 1 |a история 
610 1 |a биографии 
675 |a 550.4  |v 3 
700 1 |a Баландин  |b Р. К.  |g Рудольф Константинович 
801 0 |a RU  |b 63413507  |c 20011210  |g PSBO 
801 2 |a RU  |b 63413507  |c 20170404  |g PSBO 
942 |c BK